[Event "Oberliga Wuert9293"]
[Site "Wuerttemberg"]
[Date "1993.??.??"]
[Round "?"]
[White "Schneider, Frank"]
[Black "Namyslo, Holger"]
[Result "0-1"]
[WhiteElo "2240"]
[BlackElo "2215"]

1.Nf3 d5 2.g3 Nf6 3.Bg2 e6 4.O-O Be7 5.c4 O-O 6.b3 c5 7.cxd5 exd5 8.d4 Nc6
9.Bb2 Ne4 10.dxc5 Bxc5 11.Nc3 Be6 12.Na4 Be7 13.Rc1 Qa5 14.Nd4 Nxd4 15.Bxd4 Ba3
16.Rc2 Rac8 17.f3 Rxc2 18.Qxc2 Rc8 19.Qd3 Nc5 20.Nxc5 Bxc5 21.Bxc5 Qxc5+
22.e3 g6 23.g4 Bd7 24.Rd1 Bb5 25.Qd2 Re8 26.Kf2 Qe7 27.Bf1 Bxf1 28.Rxf1 Qe5
29.Rh1 Rc8 30.Kg2 h5 31.gxh5 Qg5+ 32.Kf2 Qxh5 33.h4 Rc6 34.Kg3 g5 35.Qd4 Rg6
36.Kf2 g4 37.f4 g3+ 38.Ke1 Rc6 39.Qd1 g2 40.Rg1 Qxh4+ 41.Ke2 Qh5+ 42.Kd2 Qxd1+
43.Kxd1 Rg6 44.Ke2 Kg7 45.Kf2 Kf6 46.Ke2 Kf5 47.Kd3 Rg3 48.Kd4 Kg4 49.Kxd5 Kf3
50.Ke5 Kxe3 51.f5 Kf2 52.Rc1 g1=Q 53.Rxg1 Kxg1  0-1

[Event "Zagreb zt (Women)"]
[Site "Zagreb"]
[Date "1993.??.??"]
[Round "1"]
[White "Tsifanskaya, Ludmila A"]
[Black "Misanovic, Vesna"]
[Result "1/2-1/2"]
[WhiteElo "2235"]
[BlackElo "2385"]

1.Nf3 d5 2.g3 Nf6 3.Bg2 e6 4.O-O Be7 5.d3 c5 6.Nbd2 Nc6 7.e4 Qc7 8.Re1 b6
9.c3 Bb7 10.Nf1 O-O-O 11.Qa4 h6 12.Bf4 Qd7 13.Rac1 g5 14.Be3 Kb8 15.a3 d4
16.cxd4 Nxd4 17.Qxd7 Nxf3+ 18.Bxf3 Rxd7 19.Be2 Ba6 20.f4 Ne8 21.Red1 Nc7
22.Rd2 Rhd8 23.Rcd1 f5 24.Kf2 Bf6 25.e5 Be7 26.d4 gxf4 27.gxf4 Bh4+ 28.Ng3 Bxe2
29.Kxe2 c4 30.Rc2 b5 31.a4 a6 32.axb5 axb5 33.b3 cxb3 34.Rb2 Kb7 35.Rxb3 Ra8
36.Kf3 Ra2 37.Ne2 Rg7 38.Bd2 Rc2 39.Nc3 Kc6 40.Ke2 Nd5 41.Kd3 Nxc3 42.Rxc3+ Rxc3+
43.Bxc3 Rg2 44.Ra1 Rxh2 45.Ra6+ Kd7 46.d5 Rh3+ 47.Kc2 exd5 48.Rxh6 Rh2+ 49.Kd3 Bg3
50.Rd6+ Ke8 51.Rxd5 Rh3 52.Kc2 Bxf4 53.e6  1/2-1/2

[Event "Zagreb zt"]
[Site "Zagreb"]
[Date "1993.??.??"]
[Round "1"]
[White "Dizdar, Goran"]
[Black "Rogic, Davor"]
[Result "1/2-1/2"]
[WhiteElo "2490"]
[BlackElo "2280"]

1.Nf3 d5 2.g3 c6 3.Bg2 Nf6 4.O-O Bg4 5.c4 e6 6.d3 Nbd7 7.cxd5 exd5 8.Nc3 Bc5
9.Qb3 Nb6 10.Qc2 O-O 11.e4 dxe4 12.dxe4 Nfd7 13.Bg5 f6 14.Bf4 Qe7 15.h3 Bh5
16.g4 Bf7 17.Nh4 g6 18.Bg3 Ne5 19.b3 a5 20.Kh1 a4 21.f4  1/2-1/2

[Event "Zagreb zt (Women)"]
[Site "Zagreb"]
[Date "1993.??.??"]
[Round "3"]
[White "Puljek Salai, Zorica"]
[Black "Macek, Vlasta"]
[Result "1/2-1/2"]
[WhiteElo "2185"]
[BlackElo "2210"]

1.Nf3 d5 2.g3 Nf6 3.Bg2 c6 4.O-O Bg4 5.d3 e6 6.c4 Be7 7.Nc3 O-O 8.cxd5 exd5
9.h3 Bf5 10.Nd4 Bd7 11.e4 dxe4 12.dxe4 Qc8 13.e5 Ne8 14.Kh2 Na6 15.Be3 Nac7
16.Rc1 Kh8 17.Qh5 g6 18.Qe2 Ne6 19.Ne4 N8g7 20.Rfd1 Nxd4 21.Bxd4 Be6 22.b3 Qc7
23.Nc5 Rfd8 24.Nxe6 Nxe6 25.Bb2 Rxd1 26.Rxd1 Rd8 27.f4 Rxd1 28.Qxd1 Qd8 29.Qc2 Kg8
30.a3 Bc5 31.b4 Bd4 32.Bc1 Bb6 33.Qd2 Qd4 34.Qxd4 Nxd4 35.Bf1 a5 36.Bc4 axb4
37.axb4 Nc2 38.b5 cxb5 39.Bxb5 Bc5 40.Bb2 b6 41.Kg2 Kf8 42.g4 h6 43.Kf3 Bd4
44.Bc1 Bc3 45.Bd3 Nd4+  1/2-1/2

[Event "Zagreb zt"]
[Site "Zagreb"]
[Date "1993.??.??"]
[Round "3"]
[White "Hulak, Krunoslav"]
[Black "Kurajica, Bojan"]
[Result "1/2-1/2"]
[WhiteElo "2540"]
[BlackElo "2535"]

1.Nf3 d5 2.g3 Nf6 3.Bg2 c6 4.O-O Bg4 5.d3 Nbd7 6.c4 e6 7.Be3 Bxf3 8.Bxf3 Ne5
9.Bg2 dxc4 10.d4 Ned7 11.Nd2 Nd5 12.Nxc4 Nxe3  1/2-1/2

[Event "Zagreb zt"]
[Site "Zagreb"]
[Date "1993.??.??"]
[Round "7"]
[White "Dizdarevic, Emir"]
[Black "Dizdar, Goran"]
[Result "1/2-1/2"]
[WhiteElo "2540"]
[BlackElo "2490"]

1.Nf3 d5 2.g3 c6 3.Bg2 Bg4 4.d3 e6 5.O-O Nd7 6.c4 Bxf3 7.Bxf3 dxc4 8.dxc4 Ne5
9.Qb3 Nxf3+ 10.Qxf3 Nf6 11.Nc3 Be7 12.Bg5 O-O 13.Rfd1 Qc7 14.Rd3 Rfd8 15.Rad1 Rxd3
16.Qxd3 Qd8 17.Qxd8+ Rxd8 18.Rxd8+ Bxd8  1/2-1/2

[Event "Zagreb zt"]
[Site "Zagreb"]
[Date "1993.??.??"]
[Round "9"]
[White "Dizdarevic, Emir"]
[Black "Kovacevic, Vlatko"]
[Result "1/2-1/2"]
[WhiteElo "2540"]
[BlackElo "2485"]

1.Nf3 d5 2.g3 c6 3.Bg2 Bg4 4.O-O Nd7 5.d3 e6 6.Nbd2 Bd6 7.c4 Ne7 8.Rb1 a5
9.cxd5 cxd5 10.Qa4 Bh5 11.Nb3 O-O 12.Be3 Qe8 13.Kh1 Nf5 14.Bd2 b6 15.Rfc1 Nc5
16.Nxc5 Bxc5 17.Qxe8 Rfxe8 18.e3 f6 19.d4 Bf8 20.Rc6 Nd6 21.Be1 Rab8 22.Nd2 Rec8
23.Rbc1 Rxc6 24.Rxc6 Rc8 25.Rxc8 Nxc8 26.Bf1 Nd6 27.Bd3 Kf7 28.Kg2 Bg6 29.Bxg6+ Kxg6
30.f3 f5 31.b3 Kf6 32.Nb1 Ke7 33.Kf1 h5 34.h4 Kd7 35.Nc3 Nf7 36.e4 dxe4 37.fxe4 fxe4
38.Nxe4 Nd6 39.Nxd6 Kxd6 40.Ke2 Kd5 41.Kd3 Ba3 42.Bd2 Bb2 43.Be3 b5 44.a4 b4
45.Bf4 Bxd4 46.Bc7 Be5 47.Bxa5 Bxg3 48.Bd8 Be5 49.Be7 Bf6 50.Bxb4 Bxh4 51.Ke3 Bf6
52.Kf3 g5 53.Be1 e5 54.b4 e4+ 55.Kg2 g4 56.Kg3 Be5+ 57.Kg2 e3 58.b5 Kc5 59.Bh4 Bd4
60.Kf1 Kb4 61.Bd8 Kxa4 62.b6 Kb5 63.b7 Be5 64.Ke2 Kc6 65.Kxe3 Kxb7 66.Bh4 Bc7
67.Ke4 Kc6 68.Kf5 Kd5 69.Kg6 Ke4 70.Kxh5 Kf3 71.Kg6  1/2-1/2

[Event "Zalakaros op"]
[Site "Zalakaros"]
[Date "1993.??.??"]
[Round "7"]
[White "Shulman, Leonid"]
[Black "Varga, Zoltan"]
[Result "0-1"]
[WhiteElo "2280"]
[BlackElo "2450"]

1.Nf3 d5 2.g3 Nc6 3.Bg2 e5 4.d3 Bg4 5.O-O f6 6.Nbd2 Nh6 7.c4 d4 8.a3 a5 9.Rb1 Be7
10.Qc2 Nf7 11.e3 dxe3 12.fxe3 Qd7 13.Ne4 Rd8 14.Nf2 Bf5 15.e4 Be6 16.Be3 O-O
17.Rbd1 b6 18.Rd2 Nd4 19.Bxd4 exd4 20.Qd1 g6 21.e5 f5 22.Re2 Kg7 23.Ne1 g5
24.Nc2 Nh8 25.Ree1 b5 26.b3 a4 27.Nb4 Bxb4 28.axb4 axb3 29.Qxb3 Ng6 30.Qc2 bxc4
31.dxc4 d3 32.Qd2 Qd4 33.Kh1 h6 34.Nh3 Bxc4 35.e6 Rde8 36.g4 fxg4 37.Rxf8 Rxf8
38.e7 Re8 39.Re4 Qa1+ 40.Re1 Qd4 41.Re4 Qa1+ 42.Re1 Qf6 43.Nf2 Rxe7 44.Rxe7+ Qxe7
45.Nxg4 Qe2 46.Qe3 Ne5  0-1

[Event "Zaragoza"]
[Site "Zaragoza"]
[Date "1993.??.??"]
[Round "2"]
[White "Carruez Berges, Santiago"]
[Black "Tejero Lamana, Santiago"]
[Result "1-0"]
[WhiteElo "2200"]
[BlackElo "2200"]

1.Nf3 d5 2.g3 c6 3.Bg2 Bg4 4.O-O Nd7 5.d3 Ngf6 6.Nbd2 e5 7.h3 Bh5 8.e4 dxe4
9.dxe4 Bc5 10.Qe1 Qe7 11.Nc4 Qe6 12.Ncd2 Bg6 13.Nh4 Nh5 14.Kh2 Be7 15.Nxg6 hxg6
16.Nf3 f6 17.Nh4 g5 18.Nf5 Bf8 19.Qe2 g6 20.Ne3 f5 21.Qc4 Qf6 22.exf5 gxf5
23.Bd2 Nb6 24.Qe2 Bd6 25.Kg1 O-O-O 26.Ba5 Bc5 27.a3 Ng7 28.Bb4 Ne6 29.c3 e4
30.Rfd1 a6 31.Nc4 Nd5 32.Ba5 Rd7 33.Rac1 f4 34.Qg4 fxg3 35.Qxg3 Nef4 36.Rd2 b5
37.Re1 bxc4 38.Rxe4 Bd6 39.Qg4 Rh4 40.Re8+ Kb7 41.Qxd7+  1-0

[Event "Zaragoza"]
[Site "Zaragoza"]
[Date "1993.??.??"]
[Round "4"]
[White "Carruez Berges, Santiago"]
[Black "Mimbela Lopez, Miguel Angel"]
[Result "0-1"]
[WhiteElo "2200"]
[BlackElo "2200"]

1.Nf3 d5 2.g3 g6 3.Bg2 Bg7 4.O-O e5 5.c4 dxc4 6.Qa4+ c6 7.Qxc4 Ne7 8.d3 O-O
9.Qh4 Nf5 10.Qxd8 Rxd8 11.Nc3 a5 12.Bd2 h6 13.Rac1 Be6 14.b3 Nd6 15.Na4 Nd7
16.Rc2 Nb5 17.Be3 Bd5 18.Nd2 Bxg2 19.Kxg2 Nd4 20.Bxd4 exd4 21.Ne4 Bf8 22.g4 Re8
23.h3 Kg7 24.Rfc1 Ba3 25.Rb1 Nf6 26.Nxf6 Kxf6 27.Kf3 Rad8 28.Nb6 Bb4 29.Ra1 Re5
30.Nc4 Re6 31.a3 Bc3 32.Rac1 Rd5 33.e4 Rb5 34.Rb1 a4 35.b4 c5 36.Ne3 cxb4
37.Nd5+ Rxd5 38.exd5 Rb6 39.axb4 Ke5 40.Ra2 Ra6 41.b5 Ra5 42.d6 Kxd6 43.Ke4 Kc5
44.b6 Rb5 45.Rxb5+ Kxb5 46.Kd5 Kb4 47.Kd6 Kb3 48.Re2 a3 49.Kc7 a2 50.Rxa2 Kxa2
51.Kxb7 Ba5 52.Kc6 Bxb6 53.Kxb6 Kb3  0-1

[Event "Zaragoza"]
[Site "Zaragoza"]
[Date "1993.??.??"]
[Round "4"]
[White "Carruez Berges, Fernando"]
[Black "Melendez Fierro, Juan"]
[Result "0-1"]
[WhiteElo "2200"]
[BlackElo "2330"]

1.Nf3 d5 2.g3 Nf6 3.Bg2 c5 4.d4 Nc6 5.O-O e6 6.c4 cxd4 7.Nxd4 Bc5 8.Nxc6 bxc6
9.Nc3 O-O 10.Qc2 Ba6 11.Bg5 Bxc4 12.Bxf6 gxf6 13.Rfd1 Qe7 14.e4 Bb4 15.b3 Ba6
16.exd5 cxd5 17.Rxd5 exd5 18.Nxd5 Qe5 19.Rd1 Rac8 20.Qb1 Bc5 21.Re1 Qd4 22.Qf5 Qxf2+
23.Qxf2 Bxf2+ 24.Kxf2 Rc2+ 25.Kg1 Rxg2+ 26.Kxg2 Bb7 27.Re7 Bxd5+ 28.Kf2 Ra8
29.Ke3 a5 30.Kd4 Be6 31.Kc3 Rc8+ 32.Kb2 Rd8 33.Ra7 Rd2+ 34.Ka3 Rxh2 35.Rxa5 Rg2
36.Kb4 Rxg3 37.Ra8+ Kg7 38.Kc5 h5 39.b4 h4 40.b5 Rg5+ 41.Kb4 h3 42.b6 h2
43.b7 h1=Q 44.b8=Q Qb1+  0-1

[Event "Zaragoza"]
[Site "Zaragoza"]
[Date "1993.??.??"]
[Round "6"]
[White "Carruez Berges, Santiago"]
[Black "Gil Capape, Javier"]
[Result "0-1"]
[WhiteElo "2200"]
[BlackElo "2425"]

1.Nf3 d5 2.g3 c6 3.Bg2 Bg4 4.O-O e6 5.b3 Bxf3 6.Bxf3 h5 7.e4 dxe4 8.Bxe4 h4
9.d4 Nd7 10.c4 Ngf6 11.Bg2 Qc7 12.Nc3 O-O-O 13.Be3 hxg3 14.fxg3 Qa5 15.Rc1 Bb4
16.Nb1 Qxa2 17.Nd2 Ng4 18.Qxg4 Bxd2 19.Bxd2 Qxd2 20.Qxg7 Qe3+ 21.Kh1 Rdg8
22.Rce1 Qd3  0-1

[Event "Zaragoza"]
[Site "Zaragoza"]
[Date "1993.??.??"]
[Round "8"]
[White "Carruez Berges, Santiago"]
[Black "Braga, Fernando"]
[Result "0-1"]
[WhiteElo "2200"]
[BlackElo "2455"]

1.Nf3 d5 2.g3 g6 3.Bg2 Bg7 4.O-O e5 5.c4 dxc4 6.Qa4+ c6 7.Qxc4 Ne7 8.d3 O-O
9.Nbd2 Be6 10.Qc2 h6 11.Nc4 Nd7 12.Bd2 c5 13.Rab1 b5 14.Na3 a6 15.b4 Rc8
16.Qd1 Bxa2 17.Rc1 Be6 18.bxc5 Nxc5 19.Bb4 Qb6 20.Qe1 Nd5 21.Ba5 Qd6 22.Bb4 Nxb4
23.Qxb4 Rfd8 24.Nd2 e4  0-1

[Event "Zillertal op"]
[Site "Zillertal"]
[Date "1993.??.??"]
[Round "?"]
[White "Dizdar, Goran"]
[Black "Rabiega, Robert"]
[Result "1/2-1/2"]
[WhiteElo "2490"]
[BlackElo "2420"]

1.Nf3 d5 2.g3 c6 3.Bg2 Bg4 4.c4 e6 5.O-O Nd7 6.cxd5 exd5 7.d3 Bd6 8.h3 Bh5
9.Nc3 Ne7 10.e4 dxe4 11.dxe4 Bxf3 12.Qxd6 Bxg2 13.Kxg2 Nc8 14.Qb4 Qb6 15.Qa3 Qc5
16.Qxc5 Nxc5 17.Rd1 Nb6 18.b4 Ne6 19.b5 O-O 20.bxc6 bxc6 21.f4 Rfd8 22.Be3 Rxd1
23.Rxd1 Rd8 24.Rxd8+ Nxd8 25.Kf3 f6 26.Ke2 Nb7 27.Kd3 Kf7 28.Kd4 Ke7 29.Nd1 Kd6
30.Nb2 c5+ 31.Kd3 Kc6 32.Bd2 Nd6 33.a4 f5 34.exf5 Nxf5 35.g4 Nd6 36.Bc3 g6
37.Be5 Nd5 38.Nc4 Nxc4 39.Kxc4 Nb6+ 40.Kb3 Kd5 41.Bb8 a6 42.Bc7 Nd7  1/2-1/2

[Event "Zuerich op"]
[Site "Zuerich"]
[Date "1993.??.??"]
[Round "?"]
[White "Steinert, Marc"]
[Black "Donev, Ivo Hristov"]
[Result "1/2-1/2"]
[WhiteElo "2295"]
[BlackElo "2410"]

1.Nf3 d5 2.g3 Nf6 3.Bg2 Nc6 4.d4 Bf5 5.O-O e6 6.c4 Be7 7.cxd5 exd5 8.Nc3 O-O
9.Ne5 Rb8 10.Bg5 h6 11.Bxf6 Bxf6 12.Nxc6 bxc6 13.b3 Be7 14.Na4 Ba3 15.Qd2 Qd6
16.Qf4 Bg6 17.Rfd1 Rfe8 18.e3 Kf8 19.Bf1 Qxf4 20.gxf4 Ke7 21.Bd3 Bh5 22.Rd2 g5
23.fxg5 Rg8 24.g6 Bf3 25.Rc2 Kd6 26.Nc5 a5 27.Kf1 fxg6 28.e4 Rb4 29.exd5 Rxd4
30.Nb7+ Kd7 31.dxc6+ Bxc6 32.Nxa5 Rxd3 33.Nxc6 Re8 34.Re1 Rxe1+ 35.Kxe1 Bd6
36.Ke2 Rh3 37.Nd4 Rxh2 38.Nb5 Be5 39.Rc5 Bf4 40.Kf3 g5 41.Rd5+ Kc6 42.Rf5 Rh3+
43.Ke4 Rh2 44.Kf3 Rh1 45.Nd4+ Kb7 46.Rb5+ Kc8 47.Ne6 Bd6 48.Nd4 Kd7 49.a4 Rh3+
50.Ke2 g4 51.Nf5 Rh2 52.Ke3  1/2-1/2

[Event "Zweisimmen"]
[Site "Zweisimmen"]
[Date "1993.??.??"]
[Round "4"]
[White "Habibi, Ali"]
[Black "Shvidler, Eliahu"]
[Result "1-0"]
[WhiteElo "2270"]
[BlackElo "2420"]

1.Nf3 d5 2.g3 c6 3.d3 Bg4 4.Nbd2 Nd7 5.Bg2 Ngf6 6.O-O e6 7.Qe1 Bc5 8.e4 O-O
9.Kh1 dxe4 10.dxe4 e5 11.h3 Bxf3 12.Nxf3 Qb6 13.c3 a5 14.Qe2 Rfe8 15.Nh4 g6
16.Bg5 Be7 17.Bf3 Nc5 18.Be3 Qc7 19.Bh6 Rad8 20.Ng2 Rd6 21.g4 Red8 22.Ne1 Ne6
23.Bg2 R6d7 24.Be3 Ne8 25.Nf3 Bc5 26.Bh6 Nf6 27.a3 Be7 28.Qc2 Ra8 29.b4 Rdd8
30.Rfe1 Nd7 31.Bf1 b5 32.Be3 Rab8 33.Rab1 c5 34.bxa5 Qxa5 35.Red1 c4 36.a4 bxa4
37.Rxd7 Rxb1 38.Rxd8+ Bxd8 39.Qxb1 Qxc3 40.Qb5 a3 41.Bxc4 Nc7 42.Qb3 Qxb3
43.Bxb3 Nb5 44.Nxe5 Bc7 45.Nxf7 Kg7 46.Ng5 Be5 47.Ne6+ Kh8 48.f4 Bb2 49.Kg2 h5
50.Nc5 hxg4 51.hxg4 Kg7 52.g5 Kf8 53.Na4 Nd4 54.Bxd4 Bxd4 55.Kf3 Ke7 56.Ke2  1-0

[Event "Zweisimmen"]
[Site "Zweisimmen"]
[Date "1993.??.??"]
[Round "6"]
[White "Habibi, Ali"]
[Black "Glauser, Hansruedi"]
[Result "1/2-1/2"]
[WhiteElo "2270"]
[BlackElo "2325"]

1.Nf3 d5 2.g3 g6 3.Bg2 Bg7 4.O-O Nf6 5.c4 O-O 6.cxd5 Nxd5 7.Nc3 Nc6 8.d4 Nb6
9.d5 Na5 10.e4 c6 11.dxc6 Nxc6 12.Nd5 e6 13.Bg5 f6 14.Nxb6 Qxb6 15.Bc1 e5
16.Qd5+ Rf7 17.Be3 Qd8 18.Qxd8+ Nxd8 19.Rfd1 Nc6 20.h3 Bf8 21.a3 Be6 22.Rac1 Rd7
23.Rxd7 Bxd7 24.g4 h6 25.b4 a6 26.Bf1 Kf7 27.Bb6 Rc8 28.Kg2 Be6 29.Kg3 Na7
30.Rxc8 Nxc8 31.Be3 Nd6 32.Nd2 b5 33.Kf3 Ke8 34.Bd3 Kd7 35.Ke2 g5 36.Bc5 Be7
37.f3 Bd8 38.Kd1 Kc6 39.Kc2 Bb6 40.Bxb6 Kxb6 41.Nf1 Bf7 42.Ne3 h5 43.Kc3 h4
44.Be2 Be6 45.Bd1 Nc4 46.Nc2 Kc6 47.Be2 Nd6 48.Bd3 Kb6 49.Ne1 Nc8 50.Bc2 Ne7
51.Bb3  1/2-1/2

[Event "Abierto op"]
[Site "Abierto"]
[Date "1994.??.??"]
[Round "5"]
[White "Roa Alonso, Santiago"]
[Black "Fernandez, Ignacio"]
[Result "1-0"]
[WhiteElo "2330"]
[BlackElo "2260"]

1.Nf3 d5 2.g3 Nf6 3.Bg2 Nbd7 4.d4 g6 5.O-O Bg7 6.c4 c6 7.cxd5 cxd5 8.Nc3 O-O
9.Ne5 Nb6 10.a4 Be6 11.Bg5 h6 12.Bxf6 Bxf6 13.a5 Bxe5 14.dxe5 Nc4 15.Nxd5 Nxa5
16.Nxe7+ Qxe7 17.Rxa5 Qb4 18.Qa1 a6 19.Ra4 Qb5 20.Rh4 Qxe5 21.Rxh6 Rab8 22.b4 Qxa1
23.Rxa1 Bg4 24.Bf3 Bxf3 25.exf3 Rfd8 26.Rh4 Rd3 27.Kg2 Rbd8 28.b5 axb5 29.Rb4 R3d5
30.Rab1 Kf8 31.Rxb5 Rxb5 32.Rxb5 Rd7 33.f4 Ke7 34.f5 g5 35.Kf3 Kd6 36.Kg4 Kc6
37.Rb2 f6 38.Kh5 Rd6 39.Kg6 b6 40.h4 gxh4 41.gxh4  1-0

[Event "Abierto op"]
[Site "Abierto"]
[Date "1994.??.??"]
[Round "7"]
[White "Saenz, Juan Jose"]
[Black "Peric, Slavisa"]
[Result "1-0"]
[WhiteElo "2305"]
[BlackElo "2335"]

1.g3 d5 2.Nf3 c6 3.Bg2 Nf6 4.b3 Bg4 5.Bb2 Nbd7 6.d4 e6 7.O-O Bd6 8.c4 O-O
9.Nbd2 Qe7 10.Ne5 Bh5 11.h3 Ba3 12.Bxa3 Qxa3 13.g4 Bg6 14.Qc1 Qd6 15.c5 Qe7
16.f4 Nxe5 17.fxe5 Nd7 18.Nf3 f6 19.Qe3 Be4 20.exf6 gxf6 21.b4 Rf7 22.Qh6 Rg7
23.Rf2 b5 24.cxb6 axb6 25.Rc1 Rc8 26.Nh4 Bxg2 27.Rxg2 Rg5 28.Nf3 Rg6 29.Qe3 Rg7
30.Kh1 Nb8 31.g5 Rf8 32.Rcg1 Rg6 33.h4 fxg5 34.Nxg5 Kh8 35.h5 Rgf6 36.Qg3 Rf5
37.h6 Qe8 38.Nf7+ R5xf7 39.Qe5+  1-0

[Event "Altensteig"]
[Site "Altensteig"]
[Date "1994.??.??"]
[Round "5"]
[White "Hug, Werner"]
[Black "Dautov, Rustem"]
[Result "1/2-1/2"]
[WhiteElo "2445"]
[BlackElo "2630"]

1.Nf3 d5 2.g3 c5 3.Bg2 g6 4.O-O Bg7 5.d3 Nc6 6.c3 Nf6 7.Nbd2 O-O 8.e4 e5
9.exd5 Nxd5 10.Re1 h6 11.a4 Be6 12.Nc4 Qc7 13.Nfd2 Nb6 14.Ne3 Rfd8 15.Qe2 f5
16.h4 Qd7 17.a5 Nd5 18.Nec4 Nde7 19.Nf3 Bxc4 20.dxc4 e4 21.Nh2 Ne5 22.f3 Nd3
23.Rd1 Qc7 24.Nf1 exf3 25.Bxf3 Nxc1  1/2-1/2

[Event "Altensteig"]
[Site "Altensteig"]
[Date "1994.??.??"]
[Round "10"]
[White "Ribli, Zoltan"]
[Black "Stangl, Markus"]
[Result "1-0"]
[WhiteElo "2605"]
[BlackElo "2535"]

1.Nf3 d5 2.g3 c6 3.Bg2 Bg4 4.b3 Nd7 5.Bb2 e6 6.d3 Ngf6 7.Nbd2 Bc5 8.a3 a5
9.O-O O-O 10.e4 b5 11.Qe2 Ba7 12.h3 Bh5 13.Kh1 Bxf3 14.Nxf3 a4 15.b4 c5 16.bxc5 Bxc5
17.exd5 Nxd5 18.Ne5 Ra6 19.c4 bxc4 20.dxc4 N5f6 21.Rad1 Rd6 22.Nd3 Qa5 23.Qc2 Rd8
24.Bc3 Qa7 25.Bb4 h5 26.Kg1 Rd4 27.Nxc5 Nxc5 28.Rxd4 Rxd4 29.Rd1 Rxd1+ 30.Qxd1 Nce4
31.Bxe4 Nxe4 32.c5 Qa8 33.Qxh5 Qc6 34.Qd1 f5 35.h4 Kh7 36.Qd4 g5 37.h5 g4
38.Bc3 Kh6 39.Qh8+ Kg5 40.Be5 f4 41.Bxf4+  1-0

[Event "Alushta2"]
[Site "Alushta"]
[Date "1994.??.??"]
[Round "5"]
[White "Tosic, Miroslav"]
[Black "Onischuk, Alexander"]
[Result "0-1"]
[WhiteElo "2445"]
[BlackElo "2535"]

1.Nf3 d5 2.g3 c6 3.Bg2 Nf6 4.c4 dxc4 5.a4 Bf5 6.Na3 Qd5 7.Nh4 Be4 8.f3 Bg6
9.e4 Qd4 10.Nc2 Qd8 11.Ne3 e6 12.Nxc4 Bc5 13.d3 Na6 14.Nxg6 hxg6 15.e5 Nd5
16.d4 Nb6 17.Nxb6 Bxb6 18.Be3 Nb4 19.O-O Nd5 20.Bf2 g5 21.Qb3 Qc7 22.Qa3 a5
23.Rac1 Qe7 24.Qd3 O-O-O 25.Rc4 Rh6 26.Rfc1 Kb8 27.Qe4 Rdh8 28.h3 f5 29.exf6 gxf6
30.Re1 f5 31.Qe2 Bc7 32.Qf1 Bd6 33.Re5 f4 34.Qe2 Qf6 35.Qe4 Rc8 36.Rc1 Bxe5
37.dxe5 Qg6 38.Qd4 b6 39.g4 Qh7 40.Kf1 c5 41.Qd2 c4 42.Qe1 Kb7 43.h4 gxh4
44.Kg1 Qd3 45.Rd1 Qb3 46.Qe2 h3 47.Bf1 h2+ 48.Kh1 Qxa4 49.Rd4 Rhh8 50.Qd2 Qb3
51.Be2 c3 52.Qd3 Kb8 53.Be1 Qxb2 54.Qa6 Rh7 55.Rxd5 exd5 56.Bb5 Qg2+  0-1

[Event "Amstelveen"]
[Site "Amstelveen"]
[Date "1994.??.??"]
[Round "5"]
[White "Bertholee, Rob"]
[Black "Bosch, Jeroen"]
[Result "1-0"]
[WhiteElo "2335"]
[BlackElo "2370"]

1.Nf3 d5 2.g3 g6 3.Bg2 Bg7 4.c4 Nf6 5.b3 Ne4 6.d4 dxc4 7.Qc2 Bf5 8.Qxc4 Nd6
9.Qa4+ Bd7 10.Qa5 O-O 11.Bb2 Nc6 12.Qd2 Bg4 13.Ne5 Qc8 14.Nxc6 bxc6 15.Bxc6 Rd8
16.f3 Bh3 17.Bxa8 Qxa8 18.d5 Bxb2 19.Qxb2 Qxd5 20.Nc3 Qc5 21.Na4 Qg5 22.Qd2 Qe5
23.Qc3 Qg5 24.Qd2 Qe5 25.Qc3 Qg5 26.Rd1 Rc8 27.Qc5 Qf6 28.Qd4 e5 29.Qh4 Qxh4
30.gxh4 e4 31.Kf2 Bf5 32.Nc5 exf3 33.exf3 Rb8 34.Na6 Rb6 35.Nxc7 Nb7 36.Nd5 Ra6
37.Rd2 Be6 38.Nf6+ Kg7 39.Ne8+ Kf8 40.Nc7 Rc6 41.Nxe6+ Rxe6 42.Re1 Rf6 43.Rd7 Nd6
44.Rxa7 Nf5 45.Ra4 Rc6 46.Re2 Rc1 47.h5 gxh5 48.Rf4 Nd6 49.a4 Rb1 50.b4  1-0

[Event "Donner mem-A"]
[Site "Amsterdam"]
[Date "1994.??.??"]
[Round "2"]
[White "Benjamin, Joel"]
[Black "Van der Sterren, Paul"]
[Result "1/2-1/2"]
[WhiteElo "2610"]
[BlackElo "2605"]

1.g3 d5 2.Nf3 Nf6 3.Bg2 c6 4.O-O Bf5 5.d3 e6 6.Be3 Nbd7 7.c4 Bd6 8.cxd5 exd5
9.Qb3 Qb8 10.Nc3 O-O 11.Bd4 Re8 12.Rae1 h6 13.Nh4 Be6 14.f4 Bc5 15.Bxc5 Nxc5
16.Qa3 Qd6 17.Na4 b6 18.Nxc5 Qxc5+ 19.Qxc5 bxc5 20.b3 a5 21.e4 dxe4 22.dxe4 a4
23.e5 Nd5 24.f5 Bd7 25.Bf3 axb3 26.axb3 Rab8 27.Bh5 Re7 28.e6 Be8 29.exf7+ Bxf7
30.Bxf7+ Kxf7 31.Ng6 Re3 32.Ne5+ Kg8 33.Rxe3 Nxe3 34.Rc1 Rxb3 35.Nxc6 c4
36.Kf2 Ng4+ 37.Kg2 c3 38.Ne7+ Kf7 39.Nd5 Rb2+ 40.Kf3 Nxh2+ 41.Ke4 Re2+ 42.Kf4 Rf2+
43.Ke4 Re2+ 44.Kf4 Rf2+  1/2-1/2

[Event "Donner mem-B"]
[Site "Amsterdam"]
[Date "1994.??.??"]
[Round "5"]
[White "Hort, Vlastimil"]
[Black "Pachman, Ludek"]
[Result "1/2-1/2"]
[WhiteElo "2555"]
[BlackElo "2340"]

1.Nf3 d5 2.g3 c6 3.Bg2 Bg4 4.d3 Nf6 5.Nbd2 Nbd7 6.h3 Bxf3 7.Bxf3 e5 8.O-O Bc5
9.e4 dxe4 10.dxe4 O-O 11.Qe2 Qc7 12.Nc4 Rfe8 13.c3 a5 14.h4 a4 15.Bg2 b5
16.Ne3 g6 17.Qf3 Be7 18.Re1 Nc5 19.Nc2 Rad8 20.Nb4 Nh5 21.Bh3 Ng7 22.Bh6 Nce6
23.a3 Nc5 24.Bg4 Nge6 25.Qe3 Bf8 26.Bxf8 Rxf8 27.Bxe6 Nxe6 28.h5 Rd6 29.Rad1 Rfd8
30.Rxd6 Qxd6 31.Kg2 Nc7 32.Qf3 c5 33.Nc2 Qd2 34.Re2 Qg5 35.hxg6 hxg6 36.Ne3 Kg7
37.Re1 Ne6 38.Rd1 Rxd1 39.Qxd1 Qd8 40.Qxd8 Nxd8 41.Nd5 Nc6 42.c4 b4 43.Kf3 bxa3
44.bxa3 Na5 45.Nb6 Kf6 46.Ke3 Ke6 47.Kd3 f5 48.exf5+ gxf5 49.Nxa4 e4+ 50.Kc3 Nb7
51.Kd2 Ke5 52.Ke3 Na5 53.Nb2 Nb3 54.Na4 Na5 55.Nb6 Nb3 56.a4 Na5 57.f3 exf3
58.Kxf3 Nb3 59.Ke3 Na5 60.Kd3 Kd6 61.Nd5 Ke5 62.Nf4 Nb7 63.Ne2 Na5 64.Ng1 Nc6
65.Nf3+ Ke6 66.Nd2 Kd6 67.Ke3 Na5 68.Kf4 Ke6 69.Nf1 Nxc4 70.Ne3 Nb2 71.a5 Nd3+
72.Kg5 Nb4 73.Nxf5 c4 74.Ne3 c3 75.g4 Kd6 76.Kf5 c2 77.Nxc2 Nxc2 78.a6 Kc7
79.g5 Ne3+ 80.Ke4 Nc4 81.Kd5 Ne3+ 82.Ke5 Kb6 83.Ke4 Nc4 84.Kd5 Ne3+ 85.Ke6 Ng2  1/2-1/2

[Event "Andorra op"]
[Site "Andorra"]
[Date "1994.??.??"]
[Round "9"]
[White "Kirov, Nino"]
[Black "Westerinen, Heikki MJ"]
[Result "0-1"]
[WhiteElo "2465"]
[BlackElo "2370"]

1.Nf3 d5 2.g3 c6 3.Bg2 Nf6 4.c4 dxc4 5.O-O Bf5 6.Na3 Qd5 7.b3 cxb3 8.Ng5 Qd7
9.Qxb3 e6 10.Nc4 Bg6 11.d3 Be7 12.Nf3 Nd5 13.e4 Nb6 14.Nfe5 Qd8 15.Na5 Qc8
16.Ba3 Qc7 17.Bxe7 Qxe7 18.d4 O-O 19.f4 N8d7 20.Nxg6 hxg6 21.Nxb7 c5 22.Qa3 Nc4
23.Qc3 Ncb6 24.d5 Nf6 25.Na5 exd5 26.exd5 Nfxd5 27.Qd2 c4 28.Qd4 Qe3+ 29.Qxe3 Nxe3
30.Bxa8 Nxf1  0-1

[Event "Aschach op"]
[Site "Aschach"]
[Date "1994.??.??"]
[Round "?"]
[White "Loginov, Valery A"]
[Black "Lauber, W."]
[Result "1-0"]
[WhiteElo "2540"]
[BlackElo "1825"]

1.Nf3 d5 2.g3 Nf6 3.Bg2 c5 4.O-O e6 5.d3 Be7 6.Nbd2 O-O 7.e4 dxe4 8.dxe4 Bd7
9.e5 Nd5 10.Ne4 f5 11.exf6 Nxf6 12.Ne5 Qc8 13.Nxf6+ Bxf6 14.Nxd7 Qxd7 15.c3 Rd8
16.Be3 Na6 17.Qb3 Rab8 18.Bf4 Nc7 19.Rad1 Qe7 20.Rxd8+ Qxd8 21.Rd1 Qe7 22.Bd6 Qf7
23.Bxc5 b6 24.Be3 Rd8 25.Rxd8+ Bxd8 26.c4 Qd7 27.c5 Nd5 28.Bxd5 exd5 29.cxb6 axb6
30.Bxb6 Bxb6 31.Qxb6 d4 32.Qb3+ Kf8 33.Qd3 Kf7 34.b4 Kf6 35.a4 Ke5 36.Qb5+  1-0

[Event "Aschach op"]
[Site "Aschach"]
[Date "1994.??.??"]
[Round "?"]
[White "Mikac, Matjaz"]
[Black "Rocius, Marijonas"]
[Result "1-0"]
[WhiteElo "2410"]
[BlackElo "2255"]

1.Nf3 d5 2.g3 Nc6 3.d4 Bg4 4.Bg2 Qd7 5.O-O O-O-O 6.c3 f6 7.b4 Kb8 8.Nbd2 Bh3
9.Nb3 Bxg2 10.Kxg2 e5 11.b5 e4 12.bxc6 exf3+ 13.exf3 Qxc6 14.Qd3 Qa4 15.Be3 Ba3
16.Rfb1 Ne7 17.Nd2 Nc6 18.c4 Nb4 19.Qb3 Qa6 20.Qc3 dxc4 21.Rxb4 Bxb4 22.Qxb4 Rd5
23.Nxc4 Qb5 24.Qc3 Rhd8 25.Rc1 c6 26.Qc2 g6 27.a4 Qb4 28.Rb1 Qe7 29.Qc3 g5
30.Na5  1-0

[Event "Aschach op"]
[Site "Aschach"]
[Date "1994.??.??"]
[Round "?"]
[White "Kaiser, Wolfgang"]
[Black "Rocius, Marijonas"]
[Result "1-0"]
[WhiteElo "2355"]
[BlackElo "2255"]

1.Nf3 d5 2.g3 Nc6 3.Bg2 Bg4 4.c4 d4 5.h3 Be6 6.d3 Qd7 7.b4 f6 8.Bb2 a6 9.b5 axb5
10.cxb5 Nb4 11.a3 Nd5 12.Nxd4 Bf7 13.a4 e5 14.Nc2 Be6 15.Nc3 Nge7 16.Ne4 Nc8
17.h4 Ncb6 18.a5 Nc8 19.Nc3 Nce7 20.O-O Nxc3 21.Bxc3 Nd5 22.Bd2 Qxb5 23.d4 Bd6
24.Rb1 Qa6 25.dxe5 fxe5 26.Ne3 Nxe3 27.fxe3 Qc4 28.Rxb7 Bd5 29.Bxd5 Qxd5
30.Rb1 Ke7 31.e4 Qd4+ 32.Kh2 Rhf8 33.Bg5+ Kd7 34.Qxd4 exd4 35.Bd2 Rxf1 36.Rxf1 Ke6
37.Rf5 c5 38.Rd5 Ra6 39.Kg2 Rc6 40.Bf4 Be7 41.Kf3 Bf6 42.e3 g6 43.Ke2 dxe3
44.Bxe3 Bc3 45.Bd2 Be5 46.g4 c4 47.Bb4 c3 48.Rc5 Ra6 49.Rc8 Kd7 50.Rc4 h5
51.gxh5 gxh5 52.Bxc3 Bxc3 53.Rxc3 Rxa5 54.Kf3 Kd6 55.Kf4 Ra1 56.e5+ Kd5 57.Rd3+ Ke6
58.Rd6+ Ke7 59.Rh6 Ra4+ 60.Kg5 Re4 61.Rh7+ Ke6 62.Kxh5 Rxe5+ 63.Kg6 Rf5 64.Ra7 Rf6+
65.Kg5 Rf5+  1-0